Sacrae Theologiae Summa. (Registro nro. 170726)

Detalles MARC
000 -LEADER
campo de control de longitud fija 01144nam a2200277 i 4500
001 - NÚMERO DE CONTROL
campo de control 170726
003 - IDENTIFICADOR DE NÚMERO DE CONTROL
campo de control ES-MaACL
005 - FECHA Y HORA DE LA ÚLTIMA TRANSACCIÓN
campo de control 20251011063152.0
008 - DATOS DE LONGITUD FIJA--INFORMACIÓN GENERAL
campo de control de longitud fija 090401s1953 sp |||| | spa d
100 1# - ENTRADA PRINCIPAL--NOMBRE DE PERSONA
Nombre de persona Aldama, José Antonio de,
Fechas asociadas al nombre 1903-1980
9 (RLIN) 19598
245 10 - MENCIÓN DEL TÍTULO
Título Sacrae Theologiae Summa.
Número de parte o sección de la obra III /
Mención de responsabilidad, etc. auctoribus Iosepho A. de Aldama, Severino González, Iesu Solano.
260 ## - PUBLICACIÓN, DISTRIBUCIÓN, ETC.
Lugar de publicación, distribución, etc. Matriti :
Nombre del editor, distribuidor, etc. La Editorial Católica,
Fecha de publicación, distribución, etc. 1953.
300 ## - DESCRIPCIÓN FÍSICA
Extensión XXIII, 902 p. ;
Dimensiones 20 cm.
490 1# - MENCIÓN DE SERIE
Mención de serie Biblioteca de autores cristianos ;
Designación de volumen o secuencia 62
505 8# - NOTA DE CONTENIDO CON FORMATO
Nota de contenido con formato Contiene : De Verbo incarnato ; De B. María Virgine ; De gratia Christi ; De virtutibus infusis
546 ## - NOTA DE IDIOMA
Nota de lengua/lenguaje Texto en latín.
594 ## - Nota al título y mención de responsabilidad
Nota al título y mención de responsabilidad En anteport. : Patres Societatis Iesu Facultatum Theologicarum in Hispania Profesores.
594 ## - Nota al título y mención de responsabilidad
Nota al título y mención de responsabilidad En anteport. : Iuxta Constitutionem Apostolicam "Deus scientiarum Dominus"
650 07 - PUNTO DE ACCESO ADICIONAL DE MATERIA--TÉRMINO DE MATERIA
Término de materia o nombre geográfico como elemento de entrada Teología
Fuente del encabezamiento o término embne
9 (RLIN) 17457
700 1# - ENTRADA AGREGADA--NOMBRE PERSONAL
Nombre de persona González, Severino.
9 (RLIN) 58383
700 1# - ENTRADA AGREGADA--NOMBRE PERSONAL
Nombre de persona Solano, Jesús.
9 (RLIN) 107079
830 00 - PUNTO DE ACCESO ADICIONAL DE SERIE-TÍTULO UNIFORME
Título uniforme Biblioteca de autores cristianos
Designación de volumen o secuencia 62
9 (RLIN) 178679
852 ## - LOCALIZACIÓN
Ubicación ES-MaACL
Número de control de estantería J-60
852 ## - LOCALIZACIÓN
Ubicación ES-MaACL
Número de control de estantería P-1032-2
Existencias
Estatus retirado Estado de pérdida Estado de daño No para préstamo Biblioteca de origen Biblioteca actual Ubicación en estantería Fecha de adquisición Fuente de adquisición Total de préstamos Signatura topográfica completa Código de barras Visto por última vez Precio de reemplazo Tipo de ítem Koha
        Biblioteca del Ateneo de Madrid Biblioteca del Ateneo de Madrid Depósito 2 21/10/2019     P-1032-2 1201218 23/02/2023 23/02/2023 Libro impreso
        Biblioteca del Ateneo de Madrid Biblioteca del Ateneo de Madrid Depósito 2 01/04/2009     J-60 1179168 23/02/2023 23/02/2023 Libro impreso